Análisis y planeación de la calidad (Registro nro. 2396)

Detalles MARC
000 -LEADER
fixed length control field 01982 a2200277 4500
001 - CONTROL NUMBER
control field 33824
005 - DATE AND TIME OF LATEST TRANSACTION
control field 20260407155629.0
008 - FIXED-LENGTH DATA ELEMENTS--GENERAL INFORMATION
fixed length control field 260407a1995 arg spa d
003 - CONTROL NUMBER IDENTIFIER
control field AR-UNSa-BCEJYS
040 ## - CATALOGING SOURCE
Original cataloging agency AR-UNSa-BCEJYS
Language of cataloging spa
Transcribing agency AR-UNSa-BCEJYS
080 ## - UNIVERSAL DECIMAL CLASSIFICATION NUMBER
Universal Decimal Classification number 658.56
Common auxiliary subdivision Control de la calidad. Control de herramientas y material
020 ## - INTERNATIONAL STANDARD BOOK NUMBER
International Standard Book Number 970-10-0612-7
100 1# - MAIN ENTRY--PERSONAL NAME
Personal name Juran, J.M.
245 10 - TITLE STATEMENT
Title Análisis y planeación de la calidad
250 ## - EDITION STATEMENT
Edition statement 3a. ed
264 #1 - PRODUCTION, PUBLICATION, DISTRIBUTION, MANUFACTURE, AND COPYRIGHT NOTICE
Date of production, publication, distribution, manufacture, or copyright notice 1995
300 ## - PHYSICAL DESCRIPTION
Extent xxi, 633 p.
Dimensions 23 cm.
505 ## - FORMATTED CONTENTS NOTE
Formatted contents note 1. Conceptos básicos - 2. Apreciación de la calidad en toda la compañia - 3. Mejoramiento de la calidad y reducción de costos - 4. Planeación de la calidad e ingresos por ventas - 5. Control de calidad - 6. Administración estratégica de la calidad - 7. Organización para la calidad - 8. Desarrollo de una cultura de calidad - 9. Conceptos básicos de probabilidad - 10. Herramientas estdísticas para el análisis de datos - 11. Comprensión de las necesidades del cliente - 12. Diseño para la calidad - 13. Herramientas estadísticas de la calidad en el diseño - 14. Relaciones con el proveedor - 15. Herramientas estadísticas para la relaciones con el proveedor - 16. Manufactura - 17. Control estadítico de procesos - 18. Inspección, prubas y medición - 19. Planes de muestreo para inspección y pruebas - 20.Comercialización, desempeño en el campo y servicio al cliente - 21. Comercialización, desempeño de campo, servicio al cliente y sus herramientas estdísticas - 22. Operaciones administrativas y de apoyo - 23. Sistemas de información de la calidad - 24. Aseguramiento de la calidad - Apéndice
590 ## - LOCAL NOTE (RLIN)
Local note niveau_biblio:m niveau_hierar:0
700 1# - ADDED ENTRY--PERSONAL NAME
Personal name Gryna, Frank M.
700 1# - ADDED ENTRY--PERSONAL NAME
Personal name González Osuna, Marcia
700 1# - ADDED ENTRY--PERSONAL NAME
Personal name Cantú Delgado, José Humberto
700 1# - ADDED ENTRY--PERSONAL NAME
Personal name González González, Carlos
856 41 - ELECTRONIC LOCATION AND ACCESS
Uniform Resource Identifier <a href="https://biblioeco.unsa.edu.ar/pmb/images/libros/L65193.jpg">https://biblioeco.unsa.edu.ar/pmb/images/libros/L65193.jpg</a>
Link text Imagen de portada
Electronic format type image/jpeg
942 ## - ADDED ENTRY ELEMENTS (KOHA)
Koha item type
Existencias
Withdrawn status Lost status Damaged status Not for loan Home library Current library Shelving location Date acquired Total checkouts Full call number Barcode Date last seen Price effective from Koha item type
        Biblioteca Prof. Eusebio Cleto del Rey Biblioteca Prof. Eusebio Cleto del Rey   07/04/2026   658.56 J91 3ed. L65193 07/04/2026 07/04/2026 Libro
        Biblioteca Prof. Eusebio Cleto del Rey Biblioteca Prof. Eusebio Cleto del Rey   07/04/2026   658.56 J91 3ed. L65192 07/04/2026 07/04/2026 Libro
        Biblioteca Prof. Eusebio Cleto del Rey Biblioteca Prof. Eusebio Cleto del Rey   07/04/2026   658.56 J91 3ed. L65194 07/04/2026 07/04/2026 Libro
        Biblioteca Prof. Eusebio Cleto del Rey Biblioteca Prof. Eusebio Cleto del Rey   07/04/2026   658.56 J91 3ed. L65191 07/04/2026 07/04/2026 Libro
        Biblioteca Prof. Eusebio Cleto del Rey Biblioteca Prof. Eusebio Cleto del Rey   07/04/2026   658.56 J91 3ed. L65190 07/04/2026 07/04/2026 Libro
        Biblioteca Prof. Eusebio Cleto del Rey Biblioteca Prof. Eusebio Cleto del Rey   07/04/2026   658.56 J91 3ed. L65186 07/04/2026 07/04/2026 Libro
        Biblioteca Prof. Eusebio Cleto del Rey Biblioteca Prof. Eusebio Cleto del Rey   07/04/2026   658.56 J91 3ed. L65189 07/04/2026 07/04/2026 Libro
        Biblioteca Prof. Eusebio Cleto del Rey Biblioteca Prof. Eusebio Cleto del Rey   07/04/2026   658.56 J91 3ed. L65188 07/04/2026 07/04/2026 Libro
        Biblioteca Prof. Eusebio Cleto del Rey Biblioteca Prof. Eusebio Cleto del Rey   07/04/2026   658.56 J91 3ed. L65185 07/04/2026 07/04/2026 Libro